Romanian-English dictionary and grammar for the mathematical sciences /

Guardado en:
Autor Principal: Gould, Sydney H. 1909-
Otros Autores: Obreanu, Phillip E.
Formato: Libro
Idioma:English
Publicado: Providence : American Mathematical Society, 1967.
Materias:
Etiquetas: Agregar Etiqueta
Sin Etiquetas, Sea el primero en etiquetar este registro!
LEADER 00787cam a22002171 4500
001 MAT.inmabb007088
008 740504s1967####riu######d####000#0#eng##
005 20180301135701.0
245 1 0 |a Romanian-English dictionary and grammar for the mathematical sciences /  |c [by] S. H. Gould [and] P. E. Obreanu. 
260 |a Providence :  |b American Mathematical Society,  |c 1967. 
300 |a v, 51 p. ;  |c 23 cm. 
510 4 |a MR,  |c 34 #5606 
100 1 |a Gould, Sydney H.  |q (Sydney Henry),  |d 1909- 
700 1 |a Obreanu, Phillip E. 
650 0 |a Romanian language  |x Dictionaries  |x English. 
650 0 |a Romanian language  |x Grammar. 
650 0 |a Mathematics  |x Terminology. 
084 |a 00.30  |a 00A20  |2 msc2000 
010 |a  67005983  
040 |a DLC  |c DLC  |d DLC 
859 |h IDIOMAS  |i G696d  |p A-3630  |b BIB. MATEMATICA